000 06675cam a22009134i 4500
001 u47996
003 PE-LiUPU
005 20250731173346.0
008 171025s2007 ag a r 000 0 spa d
020 _a9789875673403
035 _a(Sirsi) i9789875673403
040 _aPE-LiUPU
_bspa
_cPE-LiUPU
_erda
049 _aPRUA
050 _aBV4011.3
_b.G85 2009
082 0 4 _a253.409
_bB94 2007
082 0 4 _a253.709
_bR94
_221
082 0 4 _a262.1
_bB94
_221
100 1 _aBurrill, Russell,
_eautor.
245 1 3 _aLa iglesia revolucionada del siglo XXI /
_cRussell Burril.
250 _aPrimera edición.
264 1 _aBuenos Aires :
_bAsoc. Casa Editora Sudamerica,
_c2007.
300 _a191 páginas ;
_c21 centímetros
336 _atext
_2rdacontent
337 _aunmediated
_2rdamedia
338 _avolume
_2rdacarrier
505 0 _aRegresemos a nuestras raíces, avancemos hacia el futuro -- El comienzo de la comunidad -- Los intentos de Dios para restaurar la comunidad -- Cómo reencender la iglesia cimentada en las relaciones -- Pablo establece iglesia relacionales en todas partes -- El propósito de la evangelización -- La apostasía y la restauración.-El adventismo y la reunión social -- Elene de White y los grupos pequeños -- El regreso al modelo bíblico.
526 _aSEG42
526 _aSEG41
526 _aSEG40
526 _aSEG39
526 _aP94
526 _aP87
526 _aP86
526 _aP85
526 _aP77
526 _aP76
526 _aP35
596 _a1 2 3 4
650 0 4 _aGrupos pequeños
_vGuías.
650 0 4 _aRenovación de la iglesia
_xIASD
_vGuías.
910 _agl
_cjcv
_d20171025
910 _tqv
_d20171130
942 _2ddc
_cBOOK
994 _aC0
_bPEPRU
949 _a253.709 B94 2007
_wDEWEY
_c1
_iFJ09306
_f2017-12-29
_g1
_lCCODEBUJ1
_mBUJ
_p12.00
_r0
_sY
_tBOOK
_u2017-11-28
_xBIBLIOTECA
_zUNKNOWN
_0COMPRA
_o.STAFF. Colección General Juliaca
949 _a253.709 B94 2007
_wDEWEY
_c2
_iFJ09321
_f2017-12-29
_g1
_lCCODEBUJ1
_mBUJ
_p12.00
_r0
_sY
_tBOOK
_u2017-11-30
_xBIBLIOTECA
_zUNKNOWN
_0COMPRA
_o.STAFF. Colección General Juliaca
949 _a253.709 B94 2007
_wDEWEY
_c3
_iFJ09322
_f2017-12-29
_g1
_lCCODEBUJ1
_mBUJ
_p12.00
_r0
_sY
_tBOOK
_u2017-11-30
_xBIBLIOTECA
_zUNKNOWN
_0COMPRA
_o.STAFF. Colección General Juliaca
949 _a253.709 R94 2007
_wDEWEY
_c1
_iFT03393
_lCCODEBUT1
_mBUT
_p9.00
_r0
_sY
_tBOOK
_u2017-10-25
_xBIBLIOTECA
_zUNKNOWN
_0DONACION
_o.STAFF. Coleccion general
949 _a253.709 R94 2007
_wDEWEY
_c2
_iFT03497
_lCCODEBUT1
_mBUT
_p9.00
_r0
_sY
_tBOOK
_u2018-5-14
_xBIBLIOTECA
_zUNKNOWN
_0DONACION
_o.STAFF. Coleccion general
949 _a253.709 R94 2007
_wDEWEY
_c3
_iFT03518
_lCCODEBUT1
_mBUT
_p9.00
_r0
_sY
_tBOOK
_u2018-5-18
_xBIBLIOTECA
_zUNKNOWN
_0DONACION
_o.STAFF. Coleccion general
949 _a253.709 R94 2007
_wDEWEY
_c4
_iFT00904
_lCCODEBUT1
_mBUT
_p9.00
_r0
_sY
_tBOOK
_u2018-5-18
_xBIBLIOTECA
_zUNKNOWN
_0DONACION
_o.STAFF. Coleccion general
949 _a253.709 R94 2007
_wDEWEY
_c5
_iFT03519
_lCCODEBUT1
_mBUT
_r0
_sY
_tBOOK
_u2018-5-18
_xBIBLIOTECA
_0DONACION
_o.STAFF. Coleccion general
949 _a253.709 R94
_wDEWEY
_c1
_i60826
_d2018-1-22
_e2018-1-19
_f2018-2-8
_g2
_lCCODEBUL1
_mBUL
_n5
_p9.00
_r0
_sY
_tBOOK
_u2015-7-6
_xTEOLOGIA
_PP35
_0COMPRA
_o.STAFF. Colección Teología
949 _a253.709 R94
_wDEWEY
_c2
_i66501
_d2015-9-2
_e2015-9-2
_f2018-2-8
_g2
_lCCODEBUL1
_mBUL
_n1
_p15.00
_r0
_sY
_tBOOK
_u2015-7-6
_xTEOLOGIA
_PP35
_0COMPRA
_o.STAFF. Colección Teología
949 _a253.709 R94
_wDEWEY
_c3
_i66502
_d2018-5-2
_e2018-4-27
_f2018-2-8
_g2
_lCCODEBUL1
_mBUL
_n1
_p15.00
_r0
_sY
_tBOOK
_u2015-7-6
_xTEOLOGIA
_PP35
_0COMPRA
_o.STAFF. Colección General
949 _aBV4011.3 .G85 2009
_wDEWEY
_c1
_iCW67190
_lCIAE5
_mBWL
_p10.00
_r1
_sY
_tBOOK
_u2016-8-15
_xWHITE
_zUNKNOWN
_0COMPRA
_o.STAFF. Centro White
949 _a262.1 B94 2009
_wDEWEY
_c2
_iCW66399
_lCIAE7
_mBWL
_p10.00
_r1
_sY
_tBOOK
_u2016-8-15
_xWHITE
_zUNKNOWN
_0COMPRA
_o.STAFF. Centro White
999 _a253.709 R94
_wDEWEY
_c50198
_i60826
_d50198
_e2018-1-19
_f2021-11-10
_g5
_lCCODEBUL1
_mBUL
_n5
_p9.00
_r0
_sY
_tBOOK
_u2015-7-6
_xTEOLOGIA
_PP35
_0COMPRA
_o.STAFF. Colección Teología
999 _a253.709 R94
_wDEWEY
_c2
_i66501
_d2018-6-15
_e2018-6-11
_f2021-11-10
_g5
_lCCODEBUL1
_mBUL
_n2
_p15.00
_r0
_sY
_tBOOK
_u2015-7-6
_xTEOLOGIA
_PP35
_0COMPRA
_o.STAFF. Colección Teología
999 _a253.709 R94
_wDEWEY
_c3
_i66502
_d2018-5-2
_e2018-4-27
_f2021-11-10
_g5
_lCCODEBUL1
_mBUL
_n1
_p15.00
_r0
_sY
_tBOOK
_u2015-7-6
_xTEOLOGIA
_PP35
_0COMPRA
_o.STAFF. Colección General
999 _a262.1 B94 2009
_wDEWEY
_c1
_iCW67190
_f2021-12-22
_g2
_lCCODECWL1
_mBWL
_p10.00
_r1
_sY
_tBOOK
_u2016-8-15
_xWHITE
_zUNKNOWN
_0COMPRA
_o.STAFF. Centro White
999 _a262.1 B94 2009
_wDEWEY
_c2
_iCW66399
_f2021-12-22
_g2
_lCCODECWL1
_mBWL
_p10.00
_r1
_sY
_tBOOK
_u2016-8-15
_xWHITE
_zUNKNOWN
_0COMPRA
_o.STAFF. Centro White
999 _a253.709 R94 2007
_wDEWEY
_c1
_iFT03393
_f2019-2-20
_g1
_lCCODEBUT1
_mBUT
_p9.00
_r0
_sY
_tBOOK
_u2017-10-25
_xBIBLIOTECA
_zUNKNOWN
_0DONACION
_o.STAFF. Coleccion general
999 _a253.709 R94 2007
_wDEWEY
_c2
_iFT03497
_f2019-2-20
_g1
_lCCODEBUT1
_mBUT
_p9.00
_r0
_sY
_tBOOK
_u2018-5-14
_xBIBLIOTECA
_zUNKNOWN
_0DONACION
_o.STAFF. Coleccion general
999 _a253.709 R94 2007
_wDEWEY
_c3
_iFT03518
_f2019-2-20
_g1
_lCCODEBUT1
_mBUT
_p9.00
_r0
_sY
_tBOOK
_u2018-5-18
_xBIBLIOTECA
_zUNKNOWN
_0DONACION
_o.STAFF. Coleccion general
999 _a253.709 R94 2007
_wDEWEY
_c4
_iFT00904
_f2019-2-20
_g1
_lCCODEBUT1
_mBUT
_p9.00
_r0
_sY
_tBOOK
_u2018-5-18
_xBIBLIOTECA
_zUNKNOWN
_0DONACION
_o.STAFF. Coleccion general
999 _a253.709 R94 2007
_wDEWEY
_c5
_iFT03519
_f2019-2-20
_g1
_lCCODEBUT1
_mBUT
_r0
_sY
_tBOOK
_u2018-5-18
_xBIBLIOTECA
_0DONACION
_o.STAFF. Coleccion general
999 _a253.709 B94 2007
_wDEWEY
_c1
_iFJ09306
_d2019-11-13
_f2022-2-4
_g4
_lCCODEBUJ1
_mBUJ
_p12.00
_q1
_r0
_sY
_tBOOK
_u2017-11-28
_xBIBLIOTECA
_zUNKNOWN
_0COMPRA
_o.STAFF. Colección General Juliaca
999 _a253.709 B94 2007
_wDEWEY
_c2
_iFJ09321
_f2022-2-4
_g4
_lCCODEBUJ1
_mBUJ
_p12.00
_r0
_sY
_tBOOK
_u2017-11-30
_xBIBLIOTECA
_zUNKNOWN
_0COMPRA
_o.STAFF. Colección General Juliaca
999 _a253.709 B94 2007
_wDEWEY
_c3
_iFJ09322
_d2019-11-11
_f2022-2-4
_g4
_lCCODEBUJ1
_mBUJ
_p12.00
_q1
_r0
_sY
_tBOOK
_u2017-11-30
_xBIBLIOTECA
_zUNKNOWN
_0COMPRA
_o.STAFF. Colección General Juliaca
980 _81
_gALBERTO SANCHEZ Responsable de Automatización